000 00730nam a2200265Ia 4500
003 OSt
005 20221006143025.0
006 a|||||r|||| 00| 0
007 ta
008 221006b |||||||| |||| 00| 0 eng d
024 _a7,828
037 _bGift,
_cTextual
040 _aEASL
_cEASL
_beng
041 _2eng
_aeng
082 _aY:1:12.42, K2
100 _aKomatsu Isao
_9648967
245 0 _aJapanese people
_b Origins of the people and the language
260 _aTokyo
_bKokusai Bunka Shinkokai
_c1962
300 _axi,64p.
_ccm.
490 _v JEL
650 _a Neolithic period
_9648968
650 _aJEL
942 _hY:1:12.42, K2
_cTEXL
_2CC
999 _c1075914
_d1075914